| 000 | 00450nam a2200193Ia 4500 | ||
|---|---|---|---|
| 005 | 20250423100257.0 | ||
| 008 | 250422s9999 xx 000 0 und d | ||
| 020 | _a81-7151-097-3 | ||
| 050 | _aKD 610 .R2/ | ||
| 100 | _aProf. muhammed rahimuddin | ||
| 245 | 0 | _aMuwatta’ Iman malik | |
| 250 | _a8th edi. | ||
| 260 | _aNew delhi | ||
| 260 | _bKitab Bhavan. | ||
| 260 | _c2008 | ||
| 300 | _a456 p | ||
| 650 | _aİslam _ İman | ||
| 942 | _cBK | ||
| 999 |
_c32816 _d32816 |
||